History Quiz

Random History or Politics Quiz
Score 0/13 Timer 06:00
0 Plays Today
% Correct
George H.W. Bush
99.7%
George W. Bush
99.3%
Barbara Bush née Pierce
91.1%
John Ellis 'Jeb' Bush
88.5%
Laura Bush née Welch
82.1%
Jenna Hager née Bush
60.1%
Barbara Bush
51.2%
Billy Bush
41%
George Prescott Bush
29.1%
Prescott Bush
29%
Mildred Kerr 'Millie' Bush
19.6%
Bernard 'Barney' Bush
13.4%
Joe Ellis
7.9%
Come Together.
Have Fun.
All Virtual.
We all need to come together. Play Sporcle's virtual live trivia to have fun, connect with people, and get your trivia on. Join a live hosted trivia game for your favorite pub trivia experience done virtually. If a virtual private party is more your thing, go here for details.

You're not logged in!

Compare scores with friends on all Sporcle quizzes.
OR
Log In

Sporcle TV

Today on Sporcle TV


Watch our educational content, quiz creation guides, and fun videos on Sporcle TV.

Show Comments

Extras

Top Quizzes Today


Score Distribution

Paid Content

Your Account Isn't Verified!

In order to create a playlist on Sporcle, you need to verify the email address you used during registration. Go to your Sporcle Settings to finish the process.

Report this User

Report this user for behavior that violates our Community Guidelines.

Details: